01133nam a22002657a 4500003000400000005001700004008004100021020001800062040003400080082002000114100003600134245005100170250004500221260006900266300002900335490001900364504004200383650009700425650002800522650005500550650004100605650004200646710004200688710013700730OSt20220613100316.0180228s2017 pe 000 0 spa  a9786124395062 cBiblioteca Municipal de Cusco a302.23/F79bF79 aFowks, Jacquelined1968-eautor aMecanismos de la posverdad /cJacqueline Fowks aSegunda edición, primera reimpresión aLima :bFondo de Cultura Económica del Perú,bCISEPA,c2020. a183 páginas. :c21 cm. aComunicación aIncluye referencias bibliográficas. aMedios de comunicación de masasxAspectos socialesxAspectos políticoszAmérica Latina aPeriodismoxObjetividad aPeriodistasxÉtica profesionalzAmérica Latina aPeriodismo digitalzAmérica Latina aPrensa y políticazAmérica Latina aFondo de Cultura Económica (Perú) aPontificia Universidad Católica del PerúbCentro de Investigaciones Sociológicas, Económicas, Políticas y Antropológicas